书目信息 |
| 题名: |
入党教材
|
|
| 作者: | 李奕林 主编 | |
| 分册: | ||
| 出版信息: | 西安 陕西电子音像出版社 2004 |
|
| 页数: | 157页 | |
| 开本: | 20cm | |
| 丛书名: | ||
| 单 册: | ||
| 中图分类: | D261.42 | |
| 科图分类: | ||
| 主题词: | 中国共产党 | |
| 电子资源: | ||
| ISBN: | 7-900396-05-5 | |
| 000 | 00506nam0 2200181 450 | |
| 001 | 0629606593 | |
| 005 | 20061012081448.10 | |
| 010 | @a7-900396-05-5@dCNY15.00 | |
| 100 | @a20061012d2004 km y0chiy0120 ea | |
| 101 | 0 | @achi |
| 200 | 1 | @a入党教材@Aru dang jiao cai@f李奕林主编@Fli yi lin zhu bian |
| 210 | @a西安@c陕西电子音像出版社@d2004 | |
| 215 | @a157页@d20cm | |
| 606 | 0 | @a中国共产党 |
| 690 | @aD261.42@v3 | |
| 701 | 0 | @a李奕林@Ali yi lin@4主编 |
| 801 | 0 | @aCN@bPFT@c20061012 |
| 905 | @a10447@dD261.42@e125 | |
| 入党教材/李奕林主编.-西安:陕西电子音像出版社,2004 |
| 157页;20cm |
| ISBN 7-900396-05-5:CNY15.00 |
| ● |
| 相关链接 |
|
|
|
|
正题名:入党教材
索取号:D261.42/125
 
预约/预借
| 序号 | 登录号 | 条形码 | 馆藏地/架位号 | 状态 | 备注 |
| 1 | 0501616 | 205016169 | 密集书库/ [索取号:D261.42/125] | 在馆 |